| 000 | 00330nam a22001217a 4500 | ||
|---|---|---|---|
| 999 |
_c4738 _d4738 |
||
| 008 | 250313b ||||| |||| 00| 0 eng d | ||
| 020 | _a9780711263420 | ||
| 082 | _a700 HOD | ||
| 100 |
_aHODGE,SUSIE _eAUTHOR |
||
| 245 | _a100 THINGS TO KNOW ABOUT ART | ||
| 260 |
_aTHE OLD BREWERY,6 BLUNDELL STREET _bHAPPY YAK _c2021 |
||
| 942 | _2ddc | ||